Joueurs qui ont remporté la Ligue des Champions-par élimination - Statistiques

Statistiques générales
  • Ce quiz a été pris 255 fois
  • Le résultat moyen est 4 sur 10
Answers on the Grid
Answers color-coded by a green-red scale on the quiz's grid according to % correct below.
Zlatan Ibrahimovic
Lionel Messi
Djibril Cissé
Paul Pogba
Paulo Dybala
Bruno fernandes
Angel Di maria
Kai Havertz
Neymar Jr
Cole Palmer
Thiago Silva
Heung Min son
Antoine Griezmann
Erling Haaland
Kaka
Bukayo Saka
Andres iniesta
Eden Hazard
Iker Casillas
Toni Kroos
 
Statistiques - réponses
Réponse % Correct
Lionel Messi
97%
Angel Di maria
45%
Neymar Jr
44%
Andres iniesta
38%
Toni Kroos
38%
Iker Casillas
35%
Djibril Cissé
32%
Kaka
31%
Thiago Silva
31%
Erling Haaland
30%
Aucun quiz correspondant
Distribution des résultats
% des personnes avec chaque résultat
Percentile par nombre de réponses
Votre historique - résultats
Vous n’avez pas pris ce quiz